За Москвою-рекой : (Record no. 395780)
[ view plain ]
| 000 -LEADER | |
|---|---|
| fixed length control field | 00666nam a2200193 a 4500 |
| 001 - CONTROL NUMBER | |
| control field | 000854302 |
| 003 - CONTROL NUMBER IDENTIFIER | |
| control field | AM-YeHGA |
| 005 - DATE AND TIME OF LATEST TRANSACTION | |
| control field | 20250618074756.0 |
| 008 - FIXED-LENGTH DATA ELEMENTS--GENERAL INFORMATION | |
| fixed length control field | 111214s1959 ||||||||||||||||||||rus|c |
| 040 ## - CATALOGING SOURCE | |
| Original cataloging agency | AM-YeHGA |
| 041 0# - LANGUAGE CODE | |
| Language code of text/sound track or separate title | rus |
| 090 ## - LOCALLY ASSIGNED LC-TYPE CALL NUMBER (OCLC); LOCAL CALL NUMBER (RLIN) | |
| -- | 397832 |
| 100 1# - MAIN ENTRY--PERSONAL NAME | |
| Personal name | Թևեքելյան, Վարդգես Հարությունի, |
| Dates associated with a name | 1902-1969 |
| 9 (RLIN) | 3537 |
| 245 10 - TITLE STATEMENT | |
| Title | За Москвою-рекой : |
| Remainder of title | Роман / |
| Statement of responsibility, etc. | В. Тевекелян. |
| 260 ## - PUBLICATION, DISTRIBUTION, ETC. | |
| Place of publication, distribution, etc. | Москва : |
| Name of publisher, distributor, etc. | Гослитиздат, |
| Date of publication, distribution, etc. | 1959. |
| 300 ## - PHYSICAL DESCRIPTION | |
| Extent | 128 с. ; |
| Dimensions | 26 см. |
| 440 #0 - SERIES STATEMENT/ADDED ENTRY--TITLE | |
| Title | Роман-газета |
| Volume/sequential designation | 1959, № 23(203) |
| 650 14 - SUBJECT ADDED ENTRY--TOPICAL TERM | |
| Topical term or geographic name entry element | Художественная литература |
| General subdivision | роман |
| Withdrawn status | Lost status | Source of classification or shelving scheme | Damaged status | Not for loan | Collection | Home library | Current library | Date acquired | Total checkouts | Full call number | Barcode | Date last seen | Price effective from | Koha item type | Public note |
|---|---|---|---|---|---|---|---|---|---|---|---|---|---|---|---|
| Universal Decimal Classification | General | Fundamental Scientific Library | Fundamental Scientific Library | 13/12/2017 | PIII/3600 | FL0469056 | 13/12/2017 | 13/12/2017 | Գրքեր / Books | 30 Days Loan | |||||
| Universal Decimal Classification | General | Fundamental Scientific Library | Fundamental Scientific Library | 23/07/2019 | PII/10071 | FL0594581 | 23/07/2019 | 23/07/2019 | Գրքեր / Books | 30 Days Loan | |||||
| Universal Decimal Classification | General | Fundamental Scientific Library | Fundamental Scientific Library | 23/07/2019 | PII/10242 | FL0591599 | 23/07/2019 | 23/07/2019 | Գրքեր / Books | 30 Days Loan |
ՀՀ Գիտությունների ազգային ակադեմիայի հիմնարար գիտական գրադարան = Fundamental Scientific Library of NAS RA
All site content, except where otherwise noted, is licensed under a